<?xml version="1.0" encoding="UTF-8"?>
<record
    xmlns:xsi="http://www.w3.org/2001/XMLSchema-instance"
    xsi:schemaLocation="http://www.loc.gov/MARC21/slim http://www.loc.gov/standards/marcxml/schema/MARC21slim.xsd"
    xmlns="http://www.loc.gov/MARC21/slim">

  <leader>02092nam2a2200301   4500</leader>
  <controlfield tag="001">RU\NLR\bibl\1919198</controlfield>
  <controlfield tag="005">20260408081140.0</controlfield>
  <datafield tag="010" ind1=" " ind2=" ">
    <subfield code="a">978-5-7314-0270-5</subfield>
    <subfield code="9">70</subfield>
  </datafield>
  <datafield tag="021" ind1=" " ind2=" ">
    <subfield code="a">RU</subfield>
    <subfield code="b">2012-40977</subfield>
    <subfield code="9">3028</subfield>
  </datafield>
  <datafield tag="035" ind1=" " ind2=" ">
    <subfield code="a">(NLR Aleph) 001908674</subfield>
  </datafield>
  <datafield tag="090" ind1=" " ind2=" ">
    <subfield code="a">3146147</subfield>
    <subfield code="c">3146147</subfield>
  </datafield>
  <datafield tag="100" ind1=" " ind2=" ">
    <subfield code="a">20120628d2011    |||y0rusy50      ca</subfield>
  </datafield>
  <datafield tag="101" ind1="0" ind2=" ">
    <subfield code="a">rus</subfield>
  </datafield>
  <datafield tag="102" ind1=" " ind2=" ">
    <subfield code="a">RU</subfield>
  </datafield>
  <datafield tag="105" ind1=" " ind2=" ">
    <subfield code="a">a   |||||||||</subfield>
  </datafield>
  <datafield tag="200" ind1="0" ind2=" ">
    <subfield code="a">&#x412;&#x44B;&#x43F;. 9</subfield>
    <subfield code="e">&#x43C;&#x430;&#x442;&#x435;&#x440;&#x438;&#x430;&#x43B;&#x44B; IX &#x440;&#x435;&#x441;&#x43F;&#x443;&#x431;&#x43B;&#x438;&#x43A;&#x430;&#x43D;&#x441;&#x43A;&#x43E;&#x439; &#x43D;&#x430;&#x443;&#x447;&#x43D;&#x43E;-&#x43F;&#x440;&#x430;&#x43A;&#x442;&#x438;&#x447;&#x435;&#x441;&#x43A;&#x43E;&#x439; &#x43A;&#x43E;&#x43D;&#x444;&#x435;&#x440;&#x435;&#x43D;&#x446;&#x438;&#x438;, 5 &#x43C;&#x430;&#x44F; 2011 &#x433;.</subfield>
    <subfield code="f">[&#x441;&#x43E;&#x441;&#x442;.: &#x414;.&#x418;. &#x41C;&#x430;&#x43A;&#x430;&#x440;&#x43E;&#x432;&#x430;</subfield>
    <subfield code="g">&#x43D;&#x430;&#x443;&#x447;. &#x440;&#x435;&#x434;.: &#x413;.&#x411;. &#x427;&#x443;&#x440;&#x430;&#x43A;&#x43E;&#x432;&#x430;]</subfield>
  </datafield>
  <datafield tag="210" ind1=" " ind2=" ">
    <subfield code="d">2011</subfield>
    <subfield code="a">&#x411;. &#x43C;.</subfield>
  </datafield>
  <datafield tag="215" ind1=" " ind2=" ">
    <subfield code="a">131 &#x441;.</subfield>
    <subfield code="c">&#x438;&#x43B;.</subfield>
  </datafield>
  <datafield tag="320" ind1=" " ind2=" ">
    <subfield code="a">&#x411;&#x438;&#x431;&#x43B;&#x438;&#x43E;&#x433;&#x440;. &#x432; &#x43A;&#x43E;&#x43D;&#x446;&#x435; &#x434;&#x43E;&#x43A;&#x43B;.</subfield>
  </datafield>
  <datafield tag="461" ind1=" " ind2="0">
    <subfield code="1">001RU\NLR\bibl\1329928</subfield>
    <subfield code="1">2001#$a&#x422;&#x440;&#x430;&#x434;&#x438;&#x446;&#x438;&#x438; &#x438; &#x438;&#x43D;&#x43D;&#x43E;&#x432;&#x430;&#x446;&#x438;&#x438; &#x432; &#x43E;&#x431;&#x440;&#x430;&#x437;&#x43E;&#x432;&#x430;&#x43D;&#x438;&#x438;$v&#x412;&#x44B;&#x43F;. 9</subfield>
    <subfield code="9">704512</subfield>
    <subfield code="c">&#x418;&#x436;&#x435;&#x432;&#x441;&#x43A;</subfield>
    <subfield code="d">2008</subfield>
    <subfield code="f">&#x41C;-&#x432;&#x43E; &#x43E;&#x431;&#x440;&#x430;&#x437;&#x43E;&#x432;&#x430;&#x43D;&#x438;&#x44F; &#x438; &#x43D;&#x430;&#x443;&#x43A;&#x438; &#x423;&#x434;&#x43C;&#x443;&#x440;&#x442;. &#x420;&#x435;&#x441;&#x43F;., &#x418;&#x43D;-&#x442; &#x43F;&#x43E;&#x432;&#x44B;&#x448;&#x435;&#x43D;&#x438;&#x44F; &#x43A;&#x432;&#x430;&#x43B;&#x438;&#x444;&#x438;&#x43A;&#x430;&#x446;&#x438;&#x438; &#x438; &#x43F;&#x435;&#x440;&#x435;&#x43F;&#x43E;&#x434;&#x433;&#x43E;&#x442;. &#x440;&#x430;&#x431;&#x43E;&#x442;&#x43D;&#x438;&#x43A;&#x43E;&#x432; &#x43E;&#x431;&#x440;&#x430;&#x437;&#x43E;&#x432;&#x430;&#x43D;&#x438;&#x44F; &#x423;&#x434;&#x43C;&#x443;&#x440;&#x442;. &#x420;&#x435;&#x441;&#x43F;., &#x41F;&#x440;&#x438;&#x43E;&#x440;&#x438;&#x442;&#x435;&#x442;. &#x43D;&#x430;&#x446;. &#x43F;&#x440;&#x43E;&#x435;&#x43A;&#x442; "&#x41E;&#x431;&#x440;&#x430;&#x437;&#x43E;&#x432;&#x430;&#x43D;&#x438;&#x435;"</subfield>
    <subfield code="n">&#x418;&#x437;&#x434;-&#x432;&#x43E; &#x418;&#x43D;&#x441;&#x442;&#x438;&#x442;&#x443;&#x442;&#x430; &#x43F;&#x43E;&#x432;&#x44B;&#x448;&#x435;&#x43D;&#x438;&#x44F; &#x43A;&#x432;&#x430;&#x43B;&#x438;&#x444;&#x438;&#x43A;&#x430;&#x446;&#x438;&#x438; &#x438; &#x43F;&#x435;&#x440;&#x435;&#x43F;&#x43E;&#x434;&#x433;&#x43E;&#x442;&#x43E;&#x432;&#x43A;&#x438; &#x440;&#x430;&#x431;&#x43E;&#x442;&#x43D;&#x438;&#x43A;&#x43E;&#x432; &#x43E;&#x431;&#x440;&#x430;&#x437;&#x43E;&#x432;&#x430;&#x43D;&#x438;&#x44F; &#x423;&#x434;&#x43C;&#x443;&#x440;&#x442;&#x441;&#x43A;&#x43E;&#x439; &#x420;&#x435;&#x441;&#x43F;&#x443;&#x431;&#x43B;&#x438;&#x43A;&#x438;</subfield>
    <subfield code="o">[&#x441;&#x431;&#x43E;&#x440;&#x43D;&#x438;&#x43A;]</subfield>
    <subfield code="t">&#x422;&#x440;&#x430;&#x434;&#x438;&#x446;&#x438;&#x438; &#x438; &#x438;&#x43D;&#x43D;&#x43E;&#x432;&#x430;&#x446;&#x438;&#x438; &#x432; &#x43E;&#x431;&#x440;&#x430;&#x437;&#x43E;&#x432;&#x430;&#x43D;&#x438;&#x438;</subfield>
    <subfield code="v">&#x412;&#x44B;&#x43F;. 9</subfield>
  </datafield>
  <datafield tag="702" ind1=" " ind2="1">
    <subfield code="a">&#x427;&#x443;&#x440;&#x430;&#x43A;&#x43E;&#x432;&#x430;</subfield>
    <subfield code="b">&#x413;. &#x411;.</subfield>
    <subfield code="4">340</subfield>
  </datafield>
  <datafield tag="702" ind1=" " ind2="1">
    <subfield code="4">220</subfield>
    <subfield code="8">rus</subfield>
    <subfield code="7">ca</subfield>
    <subfield code="a">&#x41C;&#x430;&#x43A;&#x430;&#x440;&#x43E;&#x432;&#x430;</subfield>
    <subfield code="b">&#x414;. &#x418;.</subfield>
    <subfield code="c">&#x43A;&#x430;&#x43D;&#x434;. &#x444;&#x438;&#x43B;&#x43E;&#x43B;. &#x43D;&#x430;&#x443;&#x43A;, &#x43C;&#x435;&#x442;&#x43E;&#x434;&#x438;&#x441;&#x442;</subfield>
    <subfield code="g">&#x414;&#x430;&#x440;&#x44C;&#x44F; &#x418;&#x432;&#x430;&#x43D;&#x43E;&#x432;&#x43D;&#x430;</subfield>
    <subfield code="3">RU\NLR\auth\77123509</subfield>
    <subfield code="9">106434</subfield>
  </datafield>
  <datafield tag="711" ind1="1" ind2="2">
    <subfield code="a">"&#x422;&#x440;&#x430;&#x434;&#x438;&#x446;&#x438;&#x438; &#x438; &#x438;&#x43D;&#x43D;&#x43E;&#x432;&#x430;&#x446;&#x438;&#x438; &#x432; &#x43E;&#x431;&#x440;&#x430;&#x437;&#x43E;&#x432;&#x430;&#x43D;&#x438;&#x438;", &#x443;&#x434;&#x43C;&#x443;&#x440;&#x442;&#x441;&#x43A;&#x430;&#x44F; &#x440;&#x435;&#x441;&#x43F;&#x443;&#x431;&#x43B;&#x438;&#x43A;&#x430;&#x43D;&#x441;&#x43A;&#x430;&#x44F; &#x43D;&#x430;&#x443;&#x447;&#x43D;&#x43E;-&#x43F;&#x440;&#x430;&#x43A;&#x442;&#x438;&#x447;&#x435;&#x441;&#x43A;&#x430;&#x44F; &#x43A;&#x43E;&#x43D;&#x444;&#x435;&#x440;&#x435;&#x43D;&#x446;&#x438;&#x44F;</subfield>
    <subfield code="d">9</subfield>
    <subfield code="f">2011</subfield>
    <subfield code="e">&#x418;&#x436;&#x435;&#x432;&#x441;&#x43A;</subfield>
    <subfield code="3">RU\NLR\AUTH\8810221323</subfield>
    <subfield code="9">327614</subfield>
  </datafield>
  <datafield tag="801" ind1=" " ind2="0">
    <subfield code="a">RU</subfield>
    <subfield code="b">NLR</subfield>
    <subfield code="c">20120628</subfield>
    <subfield code="g">RCR</subfield>
  </datafield>
  <datafield tag="801" ind1=" " ind2="1">
    <subfield code="a">RU</subfield>
    <subfield code="b">NLR</subfield>
    <subfield code="c">20120628</subfield>
  </datafield>
  <datafield tag="942" ind1=" " ind2=" ">
    <subfield code="c">BOOK</subfield>
  </datafield>
  <datafield tag="980" ind1=" " ind2=" ">
    <subfield code="a">NB</subfield>
  </datafield>
  <datafield tag="995" ind1=" " ind2=" ">
    <subfield code="5">2012-06-28</subfield>
    <subfield code="a">ad</subfield>
    <subfield code="b">NLR01</subfield>
    <subfield code="c">NLR01</subfield>
    <subfield code="e">RF9</subfield>
    <subfield code="f">1-155953</subfield>
    <subfield code="k">2008-8/2728</subfield>
    <subfield code="o">0</subfield>
    <subfield code="r">BOOK</subfield>
    <subfield code="s">200882728_</subfield>
  </datafield>
</record>
